00658cam a22002291i 4500001001300000003000400013005001700017008004100034010001700075025001900092035002000111040002300131042001200154050001800166245008000184260003700264300002000301490003700321650003700358700001600395999001700411sa 64006724 DLC20260227112041.0870317s1963 io 000 0 ind  asa 64006724  aPL480:Indo-660 a(OCoLC)23547284 aDLCcMiUdOAUdDLC apremarc00aD743.9b.D23800aDarah, Keringat dan airmata :bkumpulan kisah-perang /csusunan Is. Daulay. aDjakarta :bAneka Sastra,c1963. a86 p. ;c15 cm.0 aSeri hiburan populer ;vno. HP-1 0aWorld War, 1939-1945vAnecdotes.1 aDaulay, Is. c59842d59842